| 000 | 00597nam a2200205Ia 4500 | ||
|---|---|---|---|
| 005 | 20250508162152.0 | ||
| 008 | 008 250505s9999 xx 000 0 eng d | ||
| 020 | _a0-471-53533-8 | ||
| 037 | _aTextual | ||
| 040 |
_aFEDL _beng _cFEDL |
||
| 041 |
_aeng _2eng |
||
| 084 |
_a001.61, LIL _qFEDL |
||
| 100 | _aLilienfeld Robert | ||
| 245 | 0 | _aRise of systems theory: An ideological analysis | |
| 260 |
_aNew York, USA _bJohn Wiley and Sons _c1978 |
||
| 300 | _aviii,292p. | ||
| 650 |
_aSystem Theory-History _9772483 |
||
| 942 |
_cTEXL _h001.61, LIL |
||
| 999 |
_c1374791 _d1374791 |
||